Turkish culture in German society today
Αποθηκεύτηκε σε:
| Άλλοι συγγραφείς: | , |
|---|---|
| Μορφή: | Βιβλίο |
| Γλώσσα: | English |
| Δημοσίευση: |
Providence :
Berhahn Books,
1996
|
| Σειρά: | Culture and society in Germnay ;
; 1 |
| Θέματα: | |
| Ετικέτες: |
Προσθήκη ετικέτας
Δεν υπάρχουν, Καταχωρήστε ετικέτα πρώτοι!
|
MARC
| LEADER | 00000cam a2200000 i 4500 | ||
|---|---|---|---|
| 001 | 1/92043 | ||
| 008 | 991109s1996 eng d | ||
| 020 | |a 1-57181-047-1 | ||
| 035 | |l 10053876 | ||
| 040 | |a GR-MY-UA |b gre |e aacr | ||
| 041 | 0 | |a eng | |
| 082 | 0 | |a 305.89435043 | |
| 245 | 1 | 0 | |a Turkish culture in German society today / |c Edited by David Horrocks, Eva Kolinsky |
| 260 | |a Providence : |b Berhahn Books, |c 1996 | ||
| 300 | |a 207 p. | ||
| 490 | 1 | |a Culture and society in Germany |v ; 1 | |
| 504 | |a Includes bibliographical references and index | ||
| 650 | 0 | 0 | |a Turks |z Germany |x Social conditions. |
| 650 | 0 | 0 | |a Turkish literature |x German influences. |
| 651 | 0 | |a Germany |x Cultural policy. | |
| 700 | 1 | |a Horrocks, David, |d 1943- |4 edt | |
| 700 | 1 | |a Kolinsky, Eva. |4 edt | |
| 830 | 0 | |a Culture and society in Germnay ; |v ; 1 | |
| 852 | |a INST |b LESVOS |e 19991109 |h 305.89435043 TUR |p 005100019088 |q 005100019088 |t BK |y 0 | ||
| 901 | |a BIBL1-1999-3 | ||
| 909 | |a Λ |b 067012 | ||
| 970 | |a ΚΑΜΑΤΣΟΥ |b ΔΕΣΠΟΙΝΑ |z 1999/11/09 | ||